| 000 | 00450cam a2200157 i 4500 | ||
|---|---|---|---|
| 001 | 000019886 | ||
| 005 | 20200929170158.0 | ||
| 008 | 771219s1976 sp 000 0 spa d | ||
| 020 | _a8485247183 | ||
| 040 |
_aDO-SdBNP _cDLC _dDLC _dBNPHU _bspa |
||
| 100 | 1 |
_aLe Riverend, Pablo, _d1907- _942424 |
|
| 245 | 1 | 0 |
_aDonde sudan mis labios ... / _cPablo Le Riverend. |
| 260 |
_aBarcelona : _bRondas, _c1976. |
||
| 300 |
_a59, [3] p. ; _c21 cm. |
||
| 049 | _aBNGR | ||
| 999 |
_c19399 _d19399 |
||